000 02081nam0a2200349 i 4500
001 RU\NLR\bibl\2080567
005 20260407123905.0
021 _aRU
_b2013-70432
_94822
035 _a(nilc)RuMoRGB-006640776
035 _a(NLR Aleph) 002072490
090 _a4770191
_c4770191
100 _a20130909d2012 u y0rusy50 ca
101 0 _arus
102 _aRU
105 _aa zzzz|||||
200 1 _aДекомпрессивная трепанация черепа
_eпособие для врачей
_fМ-во здравоохранения и социального развития Российской Федерации, Федеральное гос. бюджетное учреждение "Новосибирский науч.-исследовательский ин-т травматологии и ортопедии" М-ва здравоохранения и социального развития Российской Федерации
_g[Ступак В. В., проф., д.м.н., Мишинов С. В., врач-нейрохирург
_gнауч. ред.: д.м.н., проф. Садовой Михаил Анатольевич]
210 _aНовосибирск
_cННИИТО
_d2012
215 _a16, [1] с.
_cил.
_d21
320 _aБиблиогр.: с. 14 (5 назв.)
606 _aТрепанация черепа декомпрессивная
_jРуководства, пособия и т.п.
_92611741
_3RU\NLR\auth\661548299
686 _aР634.77-82я77
702 1 _aСадовой
_bМ. А.
_gМихаил Анатольевич
_4340
702 1 _aСтупак
_bВ. В.
_gВячеслав Владимирович
_4220
712 0 2 _4570
_aНовосибирский НИИ травматологии и ортопедии им. Я. Л. Цивьяна
_3RU\NLR\AUTH\889964359
_9424958
801 0 _aRU
_bRuMoRKP
_c20130909
_gRCR
801 2 _aRU
_bРГБ
_c20130913
_grcr
801 1 _aRU
_bRuMoRKP
_c20130909
_2rusmarc
801 2 _aRU
_bNLR
_c20131009
_grcr
942 _cBOOK
980 _aNBR